000 00635nam a22002057a 4500
003 UA-OsUOA
001 38413
007 ta
008 20060505b un ||||| |||| 00| 0 ukr d
090 _a81
_bИ11
942 _cSA
040 _aUA-OsUOA
_brus
_cUA-OsUOA
_dUA-OsUOA
245 _aИначе нас ждет конфронтация цивилизаций
300 _a283-287 с.
955 _a0
041 _arus
080 _a81
773 0 _w38407
_tИностранная литература
_dМ.
_d2006
_g4
650 7 _a8 Мовознавство. Художня література. Літературознавство
_2UDC
999 _c324566
_d324566